000 00430nam a2200181Ia 4500
001 18842
005 20260306171700.0
008 260306s9999||||xx |||||||||||||| ||und||
041 _aESP
082 _a658.5
_bS42
100 _aSuárez Cervera, María Luisa
_eAUT
245 0 _aGestión de inventarios
260 _c2012
300 _a180 páginas :
_c24 cm.
650 _aGEN
654 _aCAN
942 _cLIB
_dJUS
_fJUS
_2ddc
_n
999 _c18842
_d18842